The Grand Old Man : (Record no. 239156)
[ view plain ]
| 000 -LEADER | |
|---|---|
| fixed length control field | 00978cam a22002653a 4500 |
| 001 - CONTROL NUMBER | |
| control field | 9900 |
| 003 - CONTROL NUMBER IDENTIFIER | |
| control field | PGUSA |
| 005 - DATE AND TIME OF LATEST TRANSACTION | |
| control field | 20140828083217.0 |
| 008 - FIXED-LENGTH DATA ELEMENTS--GENERAL INFORMATION | |
| fixed length control field | 060201s2006||||xxu|||||s|||||000 | eng d |
| 040 ## - CATALOGING SOURCE | |
| Original cataloging agency | PGUSA |
| Language of cataloging | eng |
| 042 ## - AUTHENTICATION CODE | |
| Authentication code | dc |
| 050 #4 - LIBRARY OF CONGRESS CALL NUMBER | |
| Classification number | DA |
| 100 1# - MAIN ENTRY--PERSONAL NAME | |
| Personal name | Cook, Richard B. |
| Fuller form of name | (Richard Briscoe), |
| Dates associated with a name | 1838-1916 |
| 245 14 - TITLE STATEMENT | |
| Title | The Grand Old Man : |
| Remainder of title | Or, the Life and Public Services of the Right Honorable William Ewart Gladstone, Four Times Prime Minister of England |
| Medium | [electronic resource] / |
| Statement of responsibility, etc | Richard B. Cook |
| 260 ## - PUBLICATION, DISTRIBUTION, ETC. (IMPRINT) | |
| Name of publisher, distributor, etc | Project Gutenberg, |
| Date of publication, distribution, etc | 2006 |
| 506 ## - RESTRICTIONS ON ACCESS NOTE | |
| Terms governing access | Public domain in the USA. |
| 516 ## - TYPE OF COMPUTER FILE OR DATA NOTE | |
| Type of computer file or data note | Electronic text |
| 653 ## - INDEX TERM--UNCONTROLLED | |
| Uncontrolled term | Prime ministers -- Great Britain -- Biography |
| 653 ## - INDEX TERM--UNCONTROLLED | |
| Uncontrolled term | Liberal Party (Great Britain) -- Biography |
| 653 ## - INDEX TERM--UNCONTROLLED | |
| Uncontrolled term | Great Britain -- Politics and government -- 1837-1901 |
| 653 ## - INDEX TERM--UNCONTROLLED | |
| Uncontrolled term | Gladstone, W. E. (William Ewart), 1809-1898 |
| 830 #0 - SERIES ADDED ENTRY--UNIFORM TITLE | |
| Uniform title | Project Gutenberg |
| Volume number/sequential designation | 9900 |
| 856 40 - ELECTRONIC LOCATION AND ACCESS | |
| Uniform Resource Identifier | <a href="http://www.gutenberg.org/ebooks/9900">http://www.gutenberg.org/ebooks/9900</a> |
| 942 ## - ADDED ENTRY ELEMENTS (KOHA) | |
| Koha item type | eBooks |
| Withdrawn status | Lost status | Damaged status | Home library | Current library | Date acquired | Total Checkouts | Date last seen | Price effective from | Koha item type |
|---|---|---|---|---|---|---|---|---|---|
| Project Gutenberg | Project Gutenberg | 08/28/2014 | 08/28/2014 | 08/28/2014 | eBooks |